[Event "Mermaid Beach Club"]
[Site "Bermuda"]
[Date "1997.??.??"]
[Round "10"]
[White "De Firmian, Nick E"]
[Black "Waitzkin, Joshua"]
[Result "1-0"]
[WhiteElo "2575"]
[BlackElo "2440"]
[Annotator "Schulz,Andre"]
[PlyCount "115"]
[EventDate "1997.01.??"]
[EventType "tourn"]
[EventRounds "11"]
[EventCountry "BER"]
[EventCategory "11"]
[SourceTitle "CBM 058"]
[Source "ChessBase"]
[SourceDate "1997.06.01"]
[SourceVersion "1"]
[SourceVersionDate "1997.06.01"]
[SourceQuality "1"]

1. e4 {Baburin} c5 2. Nf3 d6 3. d4 cxd4 4. Nxd4 Nf6 5. Nc3 g6 6. Be3 Bg7 7. f3
O-O 8. Qd2 Nc6 9. Bc4 Bd7 10. Bb3 Rc8 11. h4 h5 12. O-O-O Ne5 13. Rdg1 {
De Firmian-Spezial. Der Zug ist ein Versuch die Abspiele mit 13.g4 zu
verstärken.} a5 (13... Qa5 14. Kb1 (14. g4 hxg4 15. h5 Nxh5 16. Bh6 Rxc3 17.
Bxg7 Rxc2+ 18. Kxc2 Rc8+ 19. Kd1 Qxd2+ 20. Kxd2 Kxg7 21. fxg4 Bxg4 $19 {
0-1 De Firmian,N-Kudrin,S/Gausdal YM 1982 (32)}) 14... Nc4 15. Bxc4 Rxc4 16.
Nb3 Qa6 17. Bh6 b5 18. g4 b4 19. Nd1 {De Firmian,N-Kudrin,S/Hamar op 1983/1-0 
(61)}) (13... Rc4 14. Qe2 (14. g4 $140 $2 Rxd4 15. Qxd4 Nxf3 $17) 14... Rxc3
15. bxc3 Qa5 {De Firmian,N-Petursson,M/Reykjavik op 1984/0-1 (57)}) 14. a4 (14.
Bh6 Rc5 15. Bxg7 Kxg7 16. Nde2 b5 17. Nf4 a4 18. Bd5 e6 19. Bb7 Qb6 20. Rd1
Qxb7 21. Qxd6 Qc7 22. Qe7 Re8 23. Rxd7 Rxe7 24. Rxc7 Rexc7 {0-1 Mourek,
S-Cedikova,K/Plzen opJ-B 1995}) 14... Nc4 (14... Rc4 $5) 15. Bxc4 Rxc4 16. g4
Bxa4 $6 {Diese Aktion kostet viel Zeit und Schwarz steht am Königsflügel ja
nicht gerade bequem.} (16... hxg4) 17. b3 Rxc3 18. Qxc3 {[%csl Yc3,Yg7]
Baburin: [#]In this game the standard Sicilian Exchange sacrifice (...Rxc3)
does not work that well for Black, mainly because White's pawn formation
remains sound. Die Gegenüberstellung Qc3-Bg7 birgt im Drachen normalerweise
Gefahren für Weiß. In dieser Partie ist es genau umgekehrt.} Bd7 19. gxh5 Nxh5
20. Rg5 $1 {[%csl Ra5][%cal Yg5a5,Rh1g1]} e5 {Das schließt die gefährliche
Diagonale, aber so etwas macht man nicht gerne, denn nun ist der Bg7 begraben.}
(20... Bh6 $2 21. Rxh5 $18) ({Die weiße Hauptdrohung ist} 20... Z0 21. Rhg1
$140 Z0 22. Rxh5 gxh5 23. Ne6 $18 {[%cal Rc3g7]}) 21. Nf5 Bxf5 (21... gxf5 $2
22. Rxh5 f4 23. Rg1 fxe3 24. Rhg5 $18) 22. exf5 Nf4 {[%cal Rf4e2]} (22... e4 $5
23. Bd4 $140 Bh6) 23. Kd1 $5 (23. Bxf4 $2 exf4 $132 {macht den toten Bg7
wieder lebendig.}) (23. Kb2 $4 e4 24. Bd4 Ne2 $19) (23. Qd2) 23... a4 (23...
Nd5 24. Qd3 Nxe3+ 25. Qxe3 Bh6 $140 26. Rxg6+ fxg6 27. Qxh6 Qf6 28. Rg1 Qxf5
29. Rxg6+ $18) 24. fxg6 Ne6 25. gxf7+ Rxf7 26. Rg3 Kh8 27. Qc4 d5 28. Qxa4 $18
{Schwarz hat Bauer und Qualität weniger und steht schlecht. Es folgen aber
noch ein paar Schummelversuche.} d4 29. Bd2 b5 30. Qxb5 Qa8 31. Rf1 d3 32. Qxd3
e4 33. fxe4 {Damit hat Schwarz die denkbar optimalste Linienöffnung erreicht.
Alle lästigen schwarzen Bauern sind vom Brett verschwunden.} Qa1+ 34. Bc1 (34.
Ke2 $4 Qxf1+ 35. Ke3 Qf2# {hätte Schwarz gefallen.}) 34... Rxf1+ 35. Qxf1 Bh6
36. Ke2 (36. Rg5 $5 Nxg5 (36... Bxg5 37. hxg5 Qd4+ 38. Bd2 $18) 37. hxg5 Qd4+ (
37... Bxg5 38. Qf8+ Kh7 39. Qf5+ $18) 38. Bd2 $18) 36... Bxc1 37. Qf7 (37. Qd1
$5 Nf4+ 38. Ke1 Bb2 (38... Qa3 39. Qd4+ Kh7 40. Qg7#) 39. Qxa1 Bxa1 $18 {
Sollte technisch einfach gewonnen sein.}) 37... Nf4+ 38. Kf3 Qc3+ 39. Kg4 Qxc2
(39... Qc8+ 40. Qf5 $18 (40. Kf3 Qc3+)) 40. Qf8+ Kh7 41. Qf7+ $2 (41. Kf5 $18 {
[%cal Rf8g7] und Schwarz kann sofort aufgeben. Stattdessen muß Weiß nun noch
ein paar Klippen umschiffen.}) 41... Kh8 42. Qe8+ $2 (42. Qf8+) 42... Kh7 43.
Qe7+ Kh8 44. Qe8+ Kh7 45. h5 Ng2 (45... Qe2+ 46. Kf5 Qxh5+ 47. Qxh5+ Nxh5 48.
Rh3 Kh6 {Eine Fesselung, aus der Schwarz sich nicht befreien kann. Der
schwarze Läufer kann nicht beide Bauern halten.} 49. b4 $18) 46. Qg6+ Kh8 47.
Rf3 Qd1 48. Qf6+ Kh7 49. Qf7+ Kh8 50. Kg3 Nf4 51. Rxf4 Qg1+ 52. Kh3 Qh1+ 53.
Kg4 Qg2+ 54. Kf5 Qh3+ 55. Kf6 (55. Rg4 $4 Qf3+ $11) 55... Bb2+ 56. Ke7 Ba3+ 57.
Kd8 ({hoffte auf} 57. Ke8 $4 Qc8#) 57... Be7+ {Der letzte Versuch} 58. Qxe7 (
58. Kxe7 $4 Qd7+ 59. Kf6 Qf5+ $11) 1-0

[Event "Manila m"]
[Site "Manila"]
[Date "1998.02.24"]
[Round "7"]
[White "Torre, Eugenio"]
[Black "Antonio, Rogelio Jr"]
[Result "1/2-1/2"]
[WhiteElo "2560"]
[BlackElo "2520"]
[Annotator "Schulz,Andre"]
[PlyCount "61"]
[EventDate "1998.02.15"]
[EventType "match"]
[EventRounds "12"]
[EventCountry "PHI"]
[SourceTitle "CBM 064"]
[Source "ChessBase"]
[SourceDate "1998.06.02"]
[SourceVersion "1"]
[SourceVersionDate "1998.06.02"]
[SourceQuality "1"]

1. e4 c5 2. Nf3 Nc6 3. d4 cxd4 4. Nxd4 Nf6 5. Nc3 d6 6. f3 g6 7. Be3 Bg7 8. Qd2
O-O 9. Bc4 Bd7 10. O-O-O Rc8 11. Bb3 Ne5 12. h4 h5 (12... Nc4 13. Bxc4 Rxc4 14.
h5 Nxh5 15. g4 Nf6 16. Nde2 Qa5 17. Bh6 Bxh6 (17... Bh8 18. Bxf8 Kxf8 19. Kb1
Rb4 20. g5 Nh5 21. Nc1 Be6 22. Nb3 Qe5 23. Rxh5 Bxb3 24. Rxh7 Bxa2+ 25. Kc1 Bg7
26. Rdh1 $13 {Almrot-Gernud/corr SVE-ch/1974/}) 18. Qxh6 Rfc8 19. Rd3 R4c5 20.
g5 Rxg5 21. Rd5 Rxd5 22. Nxd5 Re8 23. Nef4 Bc6 24. e5 $1 $18 {1-0 Karpov,
A-Kortschnoj,V/Moscow cf 1974/CAND (26)}) 13. Kb1 (13. Bg5 Rc5) 13... Nc4 14.
Bxc4 Rxc4 15. Nde2 (15. Nb3) 15... b5 16. Nf4 (16. e5 dxe5 17. Bg5 Rc7 18. Bxf6
exf6 19. g4 Qe8 20. gxh5 Be6 {1/2-1/2 Liberzon,V-Miles,A/Haifa olm 1976/MCD-ol
(29)}) (16. Bd4 $6 $146 e5 $1 {Anand,V-Tiviakov,S/Tilburg 1992/CBM 32/1/2-1/2 
(63)}) (16. Bh6 Qa5 17. Bxg7 Kxg7 18. Nf4 Rfc8 19. Ncd5 {0-1 Anand,V-Kasparov,
G/PCA-Wch 1995/CBM 49 (31) [Benjamin]: "White opts to simplify as he has no
real attacking chances. Garry mentioned more than once after the game that,
'White has no real chances for an advantage in the Dragon if he doesn't play
g2-g4!' ."}) 16... b4 17. Ncd5 Nxd5 18. Nxd5 Be6 19. Bh6 (19. Bg5 Bxd5 20. exd5
Qc7 21. Rhe1 $2 Bc3 $1 22. Rxe7 (22. bxc3 bxc3 23. Qc1 Rb8+ 24. Ka1 Ra4 $19)
22... Bxd2 23. Rxc7 Rxc7 24. Bxd2 a5 $17 {0-1 Kjetsae,J-Geisler,R/BL2-N 1989/
BL2 (32)}) 19... Bxd5 20. exd5 (20. Bxg7 Kxg7 21. Qxd5 $6 (21. exd5 $142) 21...
Qc7 22. Qd2 Rc8 23. Rc1 Qa5 $15 {0-1 Sessler,J-Weiss,R/OLBaden 1993/GER 04 (50)
}) 20... Qc7 21. Bxg7 Kxg7 22. Qe2 a5 23. b3 Rc3 24. Rd4 Rc8 25. Rc1 Qc5 26.
Qe4 Re8 27. Rd2 Re3 28. Qf4 Rc8 29. Rcd1 Rc3 30. Rc1 Rc7 31. Qd4+ 1/2-1/2

[Event "Linares Anibal op 04th"]
[Site "Linares"]
[Date "1997.??.??"]
[Round "4"]
[White "Delchev, Aleksander"]
[Black "Gallego Jimenez, Victoriano"]
[Result "1-0"]
[WhiteElo "2515"]
[BlackElo "2395"]
[Annotator "Schulz,Andre"]
[PlyCount "119"]
[EventDate "1997.02.??"]
[EventType "swiss"]
[EventRounds "10"]
[EventCountry "ESP"]
[SourceTitle "CBM 058"]
[Source "ChessBase"]
[SourceDate "1997.06.01"]
[SourceVersion "1"]
[SourceVersionDate "1997.06.01"]
[SourceQuality "1"]

1. e4 c5 2. Nf3 d6 3. d4 cxd4 4. Nxd4 Nf6 5. Nc3 g6 6. Be3 Bg7 7. f3 O-O 8. Qd2
Nc6 9. Bc4 Bd7 10. h4 Rc8 11. Bb3 h5 12. O-O-O Ne5 13. Rhe1 {Ein seltener Zug.}
({Die Hauptfortsetzung} 13. Bg5 Rc5 {bringt Schwarz nicht ernsthaft in
Verlegenheit.}) 13... Nc4 14. Bxc4 Rxc4 15. Nb3 Qc7 16. Bd4 Bc6 {Schwarz zieht
den gefährdeten B weg und kontrolliert d5. Nach Bc6 (statt Be6) steht der Rc4
aber exponiert.} (16... Z0 17. e5 $140 dxe5 18. Bxe5 Qc8 19. Bxf6 $18 {[%csl
Rd7]}) (16... Be6) 17. Qe2 b5 18. e5 dxe5 19. Qxe5 Qxe5 20. Rxe5 {[%csl Re7]
[%cal Rb3a5]} e6 $1 21. Na5 Rxd4 22. Rxd4 Nd7 23. Ree4 (23. Nxc6 Nxe5 24. Nxe5
Bxe5 $11) 23... Bxe4 (23... Bxd4 24. Rxd4 Nb8 25. Nxc6 Nxc6 26. Rd6 $16) 24.
Rxd7 Bxc3 25. bxc3 Bd5 26. Rxa7 $11 {Weiß hat zwar einen Bauern gewonnen, aber
die zertrümmerte Mehrheit am Damenflügel ist nur schwer zu mobilisieren.} Rc8
$2 (26... Bxa2 $142 $11) 27. Kb2 e5 28. Rd7 Bc4 (28... Bxa2 29. Kxa2 Ra8 30.
Rd5 Rxa5+ 31. Kb2 $1 f6 32. c4 $16) 29. Nb3 (29. Nxc4 Rxc4 30. Rd5 $16) 29...
Be6 30. Rd2 (30. Rb7) 30... Rc4 31. g3 Kg7 32. Re2 f6 33. Nd2 Rc7 34. Re3 Kf7
35. a3 Rc8 36. Re4 Bd5 37. Rb4 Bc6 (37... Rc5) 38. c4 bxc4 39. Rxc4 Rb8+ 40.
Kc3 Bd5 41. Rc7+ Ke6 42. a4 Ra8 43. Kb4 Kd6 (43... Rb8+ 44. Ka3 Ra8 45. c4) 44.
Rc3 g5 45. Rd3 Rb8+ 46. Ka3 Ke6 47. c4 Bc6 48. c5 Bd5 49. hxg5 fxg5 50. Ne4 Bc4
51. Rd6+ (51. Nxg5+ Kf5 52. Rc3 $18) 51... Ke7 52. Rb6 Rg8 53. Rh6 g4 54. Rxh5
gxf3 55. Rxe5+ Kd8 56. Kb4 Be2 57. c6 $1 Rg4 58. Kc5 Rxe4 59. Rxe4 f2 60. Kd6 (
60. Kd6 f1=Q 61. c7+ Kc8 62. Re8+ Kb7 63. c8=Q+ Kb6 64. Qc7+ Ka6 65. Ra8#) 1-0

[Event "Chebanenco Memorial 1st"]
[Site "Kishinev"]
[Date "1998.02.10"]
[Round "2"]
[White "Lanka, Zigurds"]
[Black "Fedorov, Alexei"]
[Result "0-1"]
[WhiteElo "2525"]
[BlackElo "2595"]
[Annotator "Schulz,Andre"]
[PlyCount "68"]
[EventDate "1998.02.09"]
[EventType "tourn"]
[EventRounds "9"]
[EventCountry "MDA"]
[EventCategory "12"]
[SourceTitle "CBM 064"]
[Source "ChessBase"]
[SourceDate "1998.06.02"]
[SourceVersion "1"]
[SourceVersionDate "1998.06.02"]
[SourceQuality "1"]

1. e4 {Ftacnik Petursson} c5 2. Nf3 d6 3. d4 cxd4 4. Nxd4 Nf6 5. Nc3 g6 6. Be3
Bg7 7. f3 O-O 8. Bc4 Nc6 9. Qd2 Bd7 10. O-O-O Rc8 11. Bb3 Na5 ({Üblich ist} 
11... Ne5) 12. Kb1 Nc4 {Wenn der Springer am Ende auf c4 landet, ist es egal
ob er von e5 oder a5 kommt.} 13. Bxc4 Rxc4 {Diese Stellung wird in der Regel
über 12...Ne5 usw. erreicht.} 14. g4 ({Interessant ist} 14. b3 $5 Rc5 15. Ne6
fxe6 16. Bxc5 dxc5 17. e5 {1-0 Murrey,J-Reeve,J/Quebec op 1997/EXT 97 (32)})
14... b5 (14... Qc7 15. g5 Nh5 16. Nd5 Qd8 17. Ne2 $1 e6 18. Ndf4 Nxf4 19. Nxf4
Rc6 20. h4 Qc7 21. h5 Rc8 22. Rc1 Ra6 23. hxg6 $16 {1-0 Kolev,A-Alterman,B/
Elenite 1995/CBM 50/ (40)} (23. c4 $16)) 15. Qd3 $6 {Ein seltsamer Zug. Wollte
Weiß b5-b4 verhindern? Oder plante er mit folgendem b2-b3 gegen den Bauern b5
zu spielen? Durch den Abzug der Dame von d2 beraubt sich Weiß jedenfalls der
Möglichkeit zu Bh6.} (15. Ndxb5 $2 Qb8 $44 16. Bxa7 $140 $2 Qb7 $40) (15. g5 {
Ftacnik} Nh5 16. Ndxb5 Qb8 17. Nd4 Rfc8 18. Nd5 Kf8 19. c3 e6 20. Nf6 Nxf6 21.
gxf6 Bxf6 22. Ne2 {1-0 Byrne,R-Soltis,A/USA 11/357 1971 (44)}) (15. b3 $5 Rc5 (
15... Rc8 16. Ndxb5 Qa5 17. a4 a6 18. Nd5 Qxd2 19. Nxe7+ Kh8 20. Rxd2 Rce8 21.
Nxg6+ fxg6 22. Nxd6 Re6 $16 {1/2-1/2 Topalov,V-Tiviakov,S/Rubinstein mem 1995/
CBM 49 (30)}) 16. Ne6 fxe6 17. Bxc5 dxc5 (17... Ne8 18. Bd4 e5 19. Bxa7 Rxf3
20. Rhf1 {1-0 Tiviakov,S-Komljenovic,D/Anibal op 1998/TW 168 (38)}) 18. e5 Nd5
19. Nxd5 Bxe5 {Vaclavik,D-Vild,V/CZE-chJM U16 1995/EXT 97/1-0 (62)} (19... Bxe5
{Ftacnik} 20. Ne3 Bd6 21. Rhf1 {Vaclavik,D-Vild,V/CZE-chJM U16 1995/1-0 (62)}))
(15. Nce2 Qc7 16. Bh6 Rc8 17. Bxg7 Kxg7 18. c3 b4 $11 {1-0 Karpov,A-Sosonko,G/
Brussels blitz 1987/CBM 02 (33)} (18... b4 {Ftacnik} 19. cxb4 e5 20. Nb3 Rc2
21. Qd3 Qb6 22. Nc3 Rg2 23. Rd2 Rxd2 24. Qxd2 Qxb4 25. Rd1 {1-0 Karpov,
A-Sosonko,G/Brussels blitz 1987/CBM 02 (33)})) (15. h4 b4 16. Nce2 {/\h5 ist
die prinzipielle Fortsetzung.} Qc7 {Ftacnik} 17. h5 (17. Bh6 Bxh6 18. Qxh6 e5
19. h5 exd4 20. g5 Nxh5 21. Rxh5 gxh5 22. Nf4 d3 23. Rh1 dxc2+ 24. Kc1 Rd4 25.
Nxh5 Rd1+ 26. Rxd1 cxd1=Q+ 27. Kxd1 Ba4+ 28. b3 f6 {1/2-1/2 Agnos,D-Riemersma,
L/Paris op 1996/EXT 96op2 (35)}) 17... Rc8 18. hxg6 (18. Bh6 Bh8 19. Rc1 Qc5
20. Be3 Qe5 21. hxg6 fxg6 22. Bf4 Nxe4 23. Qe3 Qf6 24. Qxe4 Rxd4 25. Nxd4 Qxd4
26. Qxd4 Bxd4 {1-0 Agnos,D-Sluka,R/Komercni Banka op 1997/EXP 59 (37)}) 18...
hxg6 19. Bh6 Bh8 20. Bf8 Nh5 21. gxh5 Kxf8 22. hxg6 Bg7 23. gxf7 Qa5 24. Rdg1
Qe5 25. Rh7 Rxc2 26. Qh6 Rxe2 27. Rh8+ {1-0 Prandstetter,E-Dobrovolsky,L/
CSR-ch 1982/MCD-ch}) 15... Qb8 16. g5 ({Nichts bringt jetzt} 16. b3 {wegen}
Rfc8 $1 17. Nde2 (17. Nd5 Nxd5 18. exd5 Rc3 19. Qd2 Qb7 $19) 17... b4 18. Nd5
Nxd5 19. exd5 (19. bxc4 Nc3+ $19) 19... Rxc2 $19) (16. h4 {Ftacnik} Rfc8 $132)
16... Nh5 17. Nd5 $6 (17. b3 Rfc8 18. Nd5 Kf8 19. Nb6 $140 Qxb6 20. Ne6+ fxe6
21. Bxb6 Rc3 22. Qf1 axb6 $17) (17. h4 {Ftacnik} Re8 $15) 17... e6 $1 18. Nf6+
(18. Ne7+ $2 {Ftacnik} Kh8 19. b3 Re8 $19) 18... Nxf6 (18... Bxf6 {Ftacnik} 19.
gxf6 Rfc8 20. Rd2 Nxf6 21. Bg5 Ne8 $15) 19. gxf6 Bxf6 20. h4 Rfc8 {In
comparison with other lines of the dragon black has two bishops, active pieces
and a spare pawn.} (20... h5) (20... h5 {Ftacnik} 21. Nb3 Rfc8 22. Rd2 d5 23.
exd5 exd5 24. Rg1 Bg7 $17) 21. h5 d5 22. hxg6 hxg6 (22... fxg6 {Ftacnik} 23.
exd5 exd5 24. Rdg1 $15) 23. exd5 exd5 24. Qd2 {Reumütige Rückkehr.} (24. Rhg1 {
Ftacnik} Qe5 25. Rg2 Bg7 $17) 24... Qe5 25. c3 (25. f4 {Ftacnik} Qe4 26. b3 Rc3
27. Bf2 Bf5 $17) 25... b4 {Black must not forget, that h file is already open
and his own king might become a target.} 26. Bf4 (26. cxb4 {Ftacnik} Rc2 27.
Qe1 (27. f4 Bf5 28. Ka1 Qe4 29. Qe1 Bg4 30. Nxc2 Bxb2+ 31. Kxb2 Qxc2+ 32. Ka1
Bxd1 33. Qxd1 Qc3+ 34. Kb1 Qxb4+ 35. Qb3 Qe4+ $19) 27... R8c4 28. Ka1 Bg7 $17)
26... Qf5+ $3 {Petursson: A beautiful queen sacrifice but Black could also win
by checking the bishop: Der Höhepunkt im Leben eines jeden Schachspielers ist
es eine schöne Partie mit einem Damenopfer zu entscheiden.} (26... Bf5+ $1 {
Petursson} 27. Ka1 bxc3 28. bxc3 Qe7 29. Qh2 (29. Nxf5 Qa3 $3 30. Nd4 Bxd4 31.
cxd4 Rc2 $19) 29... Rxc3 30. Qh7+ Kf8 31. Bh6+ Ke8 32. Rhe1 Be6 33. Bg7) 27.
Nxf5 (27. Ka1 {Ftacnik} bxc3 28. Nxf5 cxb2+ (28... cxd2 $1 {Ftacnik} 29. Nd6
Rxf4 30. Nxc8 Bxc8 31. Rxd2 Rxf3 $19) 29. Qxb2 Bxb2+ 30. Kxb2 Rc2+ 31. Ka1 Bxf5
32. Rxd5 $17) (27. Qd3 $2 {Ftacnik} Bxd4 $19) 27... Bxf5+ 28. Ka1 (28. Kc1 {
Ftacnik} bxc3 29. Qxd5 Rxf4 30. b3 Bg5 31. Rdg1 Rg4+ 32. f4 Bxf4+ 33. Kd1 Re8
$19) 28... bxc3 29. bxc3 Rxf4 $1 {The attack means much more than the material,
since it's success will bring much greater rewards.} (29... Bxc3+ $2 {Ftacnik}
30. Qxc3 Rxc3 31. Be5 f6 32. Bxc3 Rxc3 33. Rxd5 $14) 30. Rc1 (30. Qxf4 Bxc3#) (
30. Kb2 {Ftacnik} Rxc3 (30... Rb4+ 31. Ka3 Rb6 $19) 31. Qxc3 (31. Qxf4 Rc4+ 32.
Ka3 Rxf4 $19) 31... Rb4+ 32. Ka3 Bxc3 $19) 30... Rxf3 {The power of the
bishops pair is quite overwhelming, black rooks seem only to enhance their
concert performance.} 31. Kb2 (31. a3 {Ftacnik} Rcxc3 32. Rxc3 (32. Ka2 Rxa3#)
32... Bxc3+ $19) 31... d4 (31... Rcxc3 {Ftacnik} 32. Rxc3 Bxc3+ 33. Qxc3 Rxc3
34. Kxc3 $15) 32. c4 (32. cxd4 {Ftacnik} Rb8+ 33. Ka1 Rd3 $19) (32. Ka1 {
Ftacnik} dxc3 33. Qd6 Bg7 34. Rc2 Bxc2 $19) (32. Qe2 {Ftacnik} Rfxc3 33. Rxc3
dxc3+ 34. Ka3 c2 35. Qd2 (35. Rc1 Bg5 36. Qe1 Rb8 $19) 35... Rb8 36. Ka4 Rb1
37. Rc1 Bc3 38. Qxc3 Rxc1 $19) 32... Rb8+ 33. Ka1 d3+ (33... Rf2 {Ftacnik} 34.
Qa5 d3+ 35. Qc3 Bxc3+ 36. Rxc3 Rc2 $19) 34. Rc3 Rf2 $1 (34... Rf2 35. Qxf2 (35.
Qc1 {Ftacnik} Rc2 $19) 35... Bxc3+ $19) 0-1

[Event "RUS-Cup4"]
[Site "Perm"]
[Date "1997.02.16"]
[Round "9"]
[White "Varavin, Viktor"]
[Black "Brodsky, Michail"]
[Result "1-0"]
[WhiteElo "2505"]
[BlackElo "2515"]
[Annotator "Schulz,Andre"]
[PlyCount "55"]
[EventDate "1997.02.02"]
[EventType "swiss"]
[EventRounds "9"]
[EventCountry "RUS"]
[SourceTitle "CBM 058"]
[Source "ChessBase"]
[SourceDate "1997.06.01"]
[SourceVersion "1"]
[SourceVersionDate "1997.06.01"]
[SourceQuality "1"]

1. e4 {Petursson} c5 2. Nf3 d6 3. d4 cxd4 4. Nxd4 Nf6 5. Nc3 g6 6. Be3 Bg7 7.
f3 Nc6 8. Qd2 O-O 9. Bc4 Bd7 10. h4 h5 11. O-O-O Ne5 12. Bb3 Rc8 13. Bg5 Rc5
14. Rhe1 Qa5 (14... b5) (14... Re8 15. Kb1 Qa5) 15. Kb1 Re8 (15... Rfc8 16. f4
(16. Bxf6 Bxf6 17. Nd5 Bxh4 18. Qh6 Rxd5 19. Bxd5 Bxe1 20. f4 e6 21. fxe5 exd5
22. e6 Bxe6 (22... Be8 23. Nf5 gxf5 24. Qg5+ Kh7 25. Qxh5+ Kg8 26. Qg5+ Kh8 27.
Rd3 Rc3 $1 28. bxc3 Qb6+ 29. Kc1 Qg1 30. Rh3+ Bh4+ 31. Kb2 Qb6+ $11) 23. Nxe6
fxe6 24. Qxg6+ Kh8 25. Qh6+ Kg8 26. Qxe6+ {1-0 Cao,S-Kinez,I/Budapest Spring
op 1996}) 16... Nc6 17. Nf3 Bg4 18. a3 b5 19. e5 b4 20. Na4 Nd5 21. Nxc5 Nc3+
22. bxc3 bxc3 23. Qe3 dxc5 24. Rd5 Qxa3 25. Qxc3 Na5 26. Rd8+ Kh7 27. Rxc8 Bxc8
28. Bxe7 Bf5 29. Ng5+ {1-0 Varavin,V-Sokolov,A/Kstovo op 1994}) 16. f4 (16. a3
b5 $2 {Anand,V-Kasparov,G/PCA-Wch 1995/1/2-1/2 (63)}) (16. a3 {Petursson
Anand-Kasparov, New York PCA match 1995}) 16... Neg4 $2 {Danach kommt Schwarz
forciert in Verluststellung.} ({Die Stammpartie mit der Aufstellung Qa5/Re8 ist
} 16... Nc4 17. Bxc4 Rxc4 18. Bxf6 Bxf6 19. Nd5 Qxd2 20. Nxf6+ exf6 21. Rxd2 f5
22. b3 Rc3 23. Rd3 Rxd3 24. cxd3 fxe4 25. dxe4 Bf5 26. Nxf5 gxf5 27. e5 {
1/2-1/2 Beliavsky,A-Georgiev,K/Wijk 1985}) 17. e5 $1 (17. Bxf7+ $2 Kxf7 18. Nb3
Nxe4 19. Rxe4 Bxc3 20. bxc3 (20. Nxa5 $2 Bxd2 21. Nxb7 Rd5) 20... Qb6 21. Rb4
Rb5 $15) 17... dxe5 18. Bxf7+ Kxf7 19. Nb3 Qc7 20. Nxc5 Qxc5 21. Bxf6 (21. fxe5
$5 {Petursson} Nxe5 22. Qf4 $1 {is actually also winning!}) 21... Bxf6 (21...
Nxf6 22. fxe5 Bg4 23. exf6 Bxf6 (23... Bxd1 {Petursson} 24. fxg7 Bg4 25. Ne4
$16 {Boudre-Koch, Royan 1987}) 24. Ne4 $18) 22. Qxd7 Ne3 (22... exf4 23. Ne4
Qc6 24. Nd6+ $18) 23. fxe5 Nxd1 (23... Bxe5 {Petursson} 24. Rf1+ Nxf1 25. Rxf1+
Bf6 26. Rxf6+ Kxf6 27. Ne4+ $18) 24. Ne4 $1 $18 (24. Rxd1 $6 Qxe5 $132 25. Qxb7
$140 Rb8 26. Qxa7 Rb4 $5 (26... Rxb2+ 27. Kxb2 Qxc3+ 28. Kc1 Qb2+ (28... Bxh4
$2 29. Qd4 Bg5+ 30. Kb1 $18) 29. Kd2 Qc3+ 30. Ke2 Qxc2+ 31. Rd2 Qe4+ $11))
24... Nc3+ (24... Qb4 {Petursson} 25. Nd6+ $18) 25. Nxc3 Qf2 (25... Bxe5 {
Petursson} 26. Rf1+ Bf6 27. Rxf6+ Kxf6 28. Ne4+ Kf7 29. Nxc5 $18) 26. Qd5+ e6 (
26... Kf8 {Petursson} 27. Qd1 Rd8 28. Qc1 Bxh4 29. Rf1 $18) 27. Qd1 Rd8 28. Qc1
(28. Qc1 Bxh4 29. Rf1 $18) 1-0